Open Data Biblioteca Nacional de Portugal


República Portuguesa: Ministério da Cultura
Biblioteca Nacional de Portugal

Catálogo da BNP: acesso por Identificadores Unívocos
Registos Bibliográficos associados ao registo de autoridade

Etiqueta de registo: 00254nam 2200025 450
001 2278328
003 http://id.bnportugal.gov.pt/bib/catbnp/2278328
010 ## $a978-989-561-427-1
021 ## $aPT$b550044/25
100 ## $a20260309d2025 m y0pory01030103ba
101 0# $aeng
102 ## $aPT
105 ## $aa z 000yy
106 ## $ar
200 1# $aPatient innovation - inspiring stories about impactfull innovations developed by patients, caregivers and collaborators$fcoord. Helena Canhão, Pedro Oliveira$gspecial participation Richard Roberts, Eric von Hippel, Hans Jorgen Wiberg$gauthors Ana Duarte... [et al.]
205 ## $a1st ed
210 #9 $aLisboa$cSílabo,$d2025
215 ## $a162 p.$cil.$d24 cm
675 ## $a616-082(042)$vBN$zpor$31662728
675 ## $a821.134.3-94"20"$vBN$zpor$31565850
702 #1 $aCanhão,$bHelena,$f1967-$4340$31416801
702 #1 $aOliveira,$bPedro,$f1971-$4340$3966686
702 #1 $aRoberts,$bRichard,$f1943-$4205$31996695
702 #1 $aVon Hippel,$bEric, 1941-$4205$3261188
702 #1 $aWiberg,$bHans Jorgen,$f1965-$4205$31991663
702 #1 $96$aDuarte,$bAna$4070$31996701
801 #0 $aPT$bBN$gRPC
856 41 $uhttp://rnod.bnportugal.gov.pt/ImagesBN/winlibimg.aspx?skey=&doc=2278328&img=221467&save=true
900 ## $aBIBNAC$d20260423
966 ## $lBN$mFGMON$sS.A. 193669 V.$x1
966 ## $lBN$mFGMON$sS.A. 193669 V.-D$x1
971 ## $cabrito$d20260309
973 ## $ctrodrigues$d20260420
975 ## $e0$d20260423$viquintas

OpendataBNP@bnportugal.pt | Mais informação sobre acesso aos dados BNP